| 000 | 00650nam a2200193Ia 4500 | ||
|---|---|---|---|
| 003 | LDD | ||
| 008 | 190117s9999 xx 000 0 und d | ||
| 020 |
_a9788126720101 _c₹350 |
||
| 040 | _cLDD | ||
| 041 | _ahi | ||
| 082 | _a320.954 रा62क | ||
| 100 | _aराय, अरून्धति | ||
| 245 | 0 |
_aकठघरे में लोकतंत्र _cअरून्धति राय |
|
| 260 |
_aनई दिल्ली _bराजकमल प्रकाशन _c2012 |
||
| 300 | _a215पृ. | ||
| 901 | _aAAKAR | ||
| 904 | _aReqst by : J.M. Parakh | ||
| 942 |
_2ddc _cH |
||
| 999 |
_c168540 _d168540 |
||